| 000 -LEADER |
| fixed length control field |
00391nam a2200157Ia 4500 |
| 003 - CONTROL NUMBER IDENTIFIER |
| control field |
OSt |
| 005 - DATE AND TIME OF LATEST TRANSACTION |
| control field |
20260210165930.0 |
| 008 - FIXED-LENGTH DATA ELEMENTS--GENERAL INFORMATION |
| fixed length control field |
260210s9999 xx 000 0 und d |
| 020 ## - INTERNATIONAL STANDARD BOOK NUMBER |
| International Standard Book Number |
9783966800235 |
| 040 ## - CATALOGING SOURCE |
| Transcribing agency |
BMSCA |
| 050 ## - LIBRARY OF CONGRESS CALL NUMBER |
| Classification number |
333.77 |
| 100 ## - MAIN ENTRY--PERSONAL NAME |
| Personal name |
Albrecht |
| 245 #0 - TITLE STATEMENT |
| Title |
Cities Under Pressure: A Design Strategy For Urban Reconstruction |
| 260 ## - PUBLICATION, DISTRIBUTION, ETC. |
| Name of publisher, distributor, etc. |
Archi Tangle |
| 942 ## - ADDED ENTRY ELEMENTS (KOHA) |
| Koha item type |
B.PLAN |
| Source of classification or shelving scheme |
|